Biggest African Cities by Letter - Y - Statistics

General Stats
  • This quiz has been taken 126 times
    92 since last reset
  • The average score is 2 of 5
Answer Stats
Pop Country Hint City % Correct
1,299,369 Cameroon Capital city Yaounde
100%
212,670 Ivory Coast Capital city Yamoussoukro
87%
460,000 Nigeria Adamawa capital Yola
19%
105,881 South Sudan Near the DRC Yambio
13%
365,000 Nigeria Bayelsa capital Yenagoa
6%
No matching quizzes found
Score Distribution
Percent of People with Each Score
Percentile by Number Answered
Your Score History
You have not taken this quiz since the last reset